000 00900nam a2200265 a 4500
001 000080196
005 20200120224337.0
008 160414s2004 ck | gr| |||||||spa|d
020 _a9586951421
040 _aCO-CO
041 0 _aspa
043 _as-ck---
082 0 4 _a303.482
_bF19m
_221
100 1 _aFazio Vengoa, Hugo Antonio
_d1956-
245 1 0 _aEl mundo en los inicios del siglo XXI :
_bhacia una formación social global? /
_cHugo Fazio Vengoa.
250 _a1a. ed.
260 _aBogotá :
_bUniversidad de los Andes,
_c2004.
300 _a202 páginas.
500 _aIncluye índice
504 _aReferencias bibliográficas
650 0 7 _aPolitíca mundial
_ySiglo XXI
650 2 4 _aGlobalización
_xAspectos sociales
650 2 4 _aTerrorismo
_xPrevención
_xCooperación Internacional
710 2 _aUniversidad de los Andes
_bFacultad de Ciencias Sociales
_bDepartamento de Historia
999 _c9112
_d9112